Pokémon - Les attaques de Cheniselle Cape Déchet - Statistiques

Statistiques générales
  • Ce quiz a été pris 14 fois
  • Le résultat moyen est 11 sur 17
Statistiques - réponses
Niveaux Types Noms des attaques % Correct
Niveau 50 Insecte Bourdon
100%
Départ Normal Charge
100%
Départ Niveau 15 Insecte Piqûre
100%
Niveau 47 Acier Tête de Fer
100%
Niveau 23 Psy Choc Mental
86%
Niveau 44 Psy Psyko
86%
Niveau 26 Acier Miroi-Tir
71%
Niveau 32 Psy Rafale Psy
71%
Niveau 29 Acier Strido-Son
71%
Départ Niveau 10 Normal Abri
57%
Départ Évolution Insecte Papillodanse
57%
Départ Ténèbres Coup Bas
43%
Départ Acier Fulmifer
43%
Niveau 20 Normal Puissance Cachée
43%
Niveau 41 Normal Attraction
29%
Niveau 38 Normal Fléau
29%
Niveau 35 Normal Séduction
29%
Aucun quiz correspondant
Distribution des résultats
% des personnes avec chaque résultat
Percentile par nombre de réponses
Votre historique - résultats
Vous n’avez pas pris ce quiz